[Event "Hamburg-ch Seniors 65+ op 26th"]
[Site "Hamburg"]
[Date "2019.11.11"]
[Round "1"]
[White "Duemmke, Juergen"]
[Black "Kaiser, Guenter3333"]
[Result "1-0"]
[WhiteElo "2010"]
[BlackElo "1704"]
[PlyCount "73"]
[EventDate "2019.11.11"]
[EventType "swiss"]
[EventRounds "9"]
[EventCountry "GER"]
[SourceTitle "EXT 2022"]
[Source "ChessBase"]
[SourceDate "2021.10.06"]
[SourceVersion "1"]
[SourceVersionDate "2021.10.06"]
[SourceQuality "1"]

1. e4 Nf6 2. e5 Nd5 3. Nc3 Nxc3 4. dxc3 d6 5. Bc4 c6 6. Nf3 d5 7. Bd3 Bg4 8. h3 Be6 9. 0-0 g6 10. Nd4 Nd7 11. Nxe6 fxe6 12. f4 Bg7 13. Be3 a5 14. a4 Rb8 15. Qg4 Nf8 16. h4 Bh6 17. h5 Kd7 18. hxg6 Nxg6 19. Qh5 Qf8 20. Bxg6 hxg6 21. Qxg6 Rg8 22. Qd3 Qf5 23. Qxf5 exf5 24. b4 Rg3 25. Rae1 e6 26. bxa5 Ra8 27. Kf2 Rag8 28. Rg1 Bf8 29. Rb1 Kc8 30. a6 bxa6 31. Ba7 Rxc3 32. Rb2 Bc5+ 33. Bxc5 Rxc5 34. Rgb1 Kd7 35. Rb7+ Ke8 36. Rb8+ Kf7 37. R1b7+ 1-0

[Event "GER-ch Seniors 65"]
[Site "Hamburg"]
[Date "2018.07.21"]
[Round "1"]
[White "Duemmke, Juergen"]
[Black "Raitza, Egon"]
[Result "1-0"]
[WhiteElo "2043"]
[BlackElo "1726"]
[PlyCount "71"]
[EventDate "2018.07.21"]
[EventType "swiss"]
[EventRounds "9"]
[EventCountry "GER"]
[SourceTitle "CBM 186 Extra"]
[Source "ChessBase"]
[SourceDate "2018.08.24"]
[SourceVersion "1"]
[SourceVersionDate "2018.08.24"]
[SourceQuality "1"]

1. e4 e6 2. d4 d5 3. Nc3 dxe4 4. Nxe4 Nd7 5. Nf3 Ngf6 6. Nxf6+ Nxf6 7. Bd3 Be7 8. Bg5 0-0 9. Qe2 c6 10. 0-0-0 Nd5 11. Bxe7 Qxe7 12. Qe4 f5 13. Qe5 b5 14. Rhe1 Qc7 15. Qxc7 Nxc7 16. Ne5 Bb7 17. Nd7 Rfe8 18. Nc5 Bc8 19. Re5 Kf7 20. Rde1 a5 21. g4 g6 22. gxf5 exf5 23. a4 Rxe5 24. Rxe5 b4 25. Bc4+ Kf6 26. Nb3 Be6 27. Rc5 Bd7 28. Nxa5 Ne6 29. Bxe6 Bxe6 30. b3 Bd7 31. Nc4 Ra6 32. Ne5 Be8 33. Nd3 Rb6 34. Rc4 Kg5 35. Rxb4 Rxb4 36. Nxb4 1-0

[Event "Schleswig Holstein-ch Seniors op 9th"]
[Site "Buesum"]
[Date "2015.10.05"]
[Round "7"]
[White "Duemmke, Juergen"]
[Black "Neumann, Joachim"]
[Result "1/2-1/2"]
[WhiteElo "2035"]
[BlackElo "2105"]
[PlyCount "54"]
[EventDate "2015.09.28"]
[EventType "swiss"]
[EventRounds "9"]
[EventCountry "GER"]
[SourceTitle "EXT 2018"]
[Source "ChessBase"]
[SourceDate "2017.10.13"]
[SourceVersion "1"]
[SourceVersionDate "2017.10.13"]
[SourceQuality "1"]

1. e4 c5 2. Nf3 Nc6 3. d4 cxd4 4. Nxd4 Nf6 5. Nc3 e5 6. Ndb5 d6 7. Bg5 a6 8. Na3 b5 9. Nd5 Be7 10. Nxe7 Nxe7 11. Bxf6 gxf6 12. Qf3 f5 13. exf5 Bxf5 14. Bd3 Bxd3 15. Qxd3 d5 16. c3 Qd6 17. 0-0 Qg6 18. Qe2 Rg8 19. f3 0-0-0 20. Nc2 d4 21. cxd4 exd4 22. Rf2 Nc6 23. Qd2 Ne5 24. Ne1 Nc4 25. Rc1 Kb8 26. Qf4+ Qd6 27. Qxd6+ Rxd6 1/2-1/2

[Event "Schleswig Holstein-ch Seniors op 9th"]
[Site "Buesum"]
[Date "2015.10.01"]
[Round "4"]
[White "Nickel, Juergen"]
[Black "Duemmke, Juergen"]
[Result "0-1"]
[WhiteElo "1899"]
[BlackElo "2035"]
[PlyCount "66"]
[EventDate "2015.09.28"]
[EventType "swiss"]
[EventRounds "9"]
[EventCountry "GER"]
[SourceTitle "EXT 2018"]
[Source "ChessBase"]
[SourceDate "2017.10.13"]
[SourceVersion "1"]
[SourceVersionDate "2017.10.13"]
[SourceQuality "1"]

1. e4 e5 2. Nf3 Nc6 3. Bb5 a6 4. Ba4 Nf6 5. 0-0 Nxe4 6. d4 b5 7. Bb3 d5 8. dxe5 Be6 9. c3 Be7 10. Nbd2 0-0 11. Bc2 Nxd2 12. Qxd2 Qd7 13. Qd3 g6 14. Bh6 Bf5 15. Qe2 Rfe8 16. Rad1 Rad8 17. Rfe1 Bf6 18. Bxf5 Qxf5 19. Qd3 Qxd3 20. Rxd3 Nxe5 21. Nxe5 Rxe5 22. Rxe5 Bxe5 23. Kf1 c5 24. Be3 d4 25. cxd4 cxd4 26. Ke2 f5 27. Bg5 Rc8 28. Kd2 Kf7 29. Ra3 Rc6 30. Rh3 h5 31. f3 d3 32. Kxd3 Bxb2 33. g4 fxg4 0-1

[Event "Schleswig Holstein-ch Seniors op 9th"]
[Site "Buesum"]
[Date "2015.09.28"]
[Round "1"]
[White "Duemmke, Juergen"]
[Black "Moeller, Peter1111"]
[Result "1-0"]
[WhiteElo "2035"]
[BlackElo "1735"]
[PlyCount "63"]
[EventDate "2015.09.28"]
[EventType "swiss"]
[EventRounds "9"]
[EventCountry "GER"]
[SourceTitle "EXT 2018"]
[Source "ChessBase"]
[SourceDate "2017.10.13"]
[SourceVersion "1"]
[SourceVersionDate "2017.10.13"]
[SourceQuality "1"]

1. e4 d5 2. exd5 Qxd5 3. Nc3 Qa5 4. Nf3 Bg4 5. b4 Qf5 6. Be2 Bxf3 7. Bxf3 c6 8. 0-0 Nf6 9. Rb1 Qc8 10. d4 e6 11. Re1 Be7 12. Bf4 0-0 13. Ne4 Nd5 14. Bd6 Rd8 15. Bxe7 Nxe7 16. c3 Na6 17. Qc2 Nc7 18. Ng5 g6 19. h4 h6 20. Ne4 Ne8 21. Qc1 Kg7 22. g4 Nd5 23. c4 Ndf6 24. Nxf6 Nxf6 25. Qe3 Nd7 26. d5 exd5 27. cxd5 cxd5 28. Rbc1 Qb8 29. Qd4+ Kg8 30. Re7 Nb6 31. Qf6 Re8 32. Qxf7+ 1-0

[Event "GER-chT Seniors 24th"]
[Site "Berlin"]
[Date "2015.09.12"]
[Round "7.3"]
[White "Duemmke, Juergen"]
[Black "Pruesse, Horst"]
[Result "1/2-1/2"]
[WhiteElo "1975"]
[BlackElo "2037"]
[PlyCount "24"]
[EventDate "2015.09.06"]
[EventType "team-swiss"]
[EventRounds "7"]
[EventCountry "GER"]
[SourceTitle "EXT 2018"]
[Source "ChessBase"]
[SourceDate "2017.10.13"]
[SourceVersion "1"]
[SourceVersionDate "2017.10.13"]
[SourceQuality "1"]

1. d4 Nf6 2. Nf3 e6 3. Bf4 c5 4. e3 b6 5. Be2 Bb7 6. 0-0 Be7 7. Nbd2 Nh5 8. Be5 d6 9. Bg3 Nxg3 10. hxg3 Nd7 11. c3 d5 12. Bd3 0-0 1/2-1/2

[Event "Bargteheide op"]
[Site "Bargteheide"]
[Date "2015.05.16"]
[Round "5"]
[White "Duemmke, Juergen"]
[Black "Pfreundt, Jakob"]
[Result "1/2-1/2"]
[WhiteElo "2035"]
[BlackElo "2273"]
[PlyCount "88"]
[EventDate "2015.05.14"]
[EventType "swiss"]
[EventRounds "7"]
[EventCountry "GER"]
[SourceTitle "CBM 166 Extra"]
[Source "ChessBase"]
[SourceDate "2015.06.18"]
[SourceVersion "1"]
[SourceVersionDate "2015.06.18"]
[SourceQuality "1"]

1. e4 c6 2. Nc3 d5 3. Nf3 dxe4 4. Nxe4 Nf6 5. Nxf6+ exf6 6. d4 Bd6 7. Bd3 0-0 8. 0-0 Bg4 9. h3 Bh5 10. c3 Nd7 11. g4 Bg6 12. Nh4 Bxd3 13. Qxd3 g6 14. Ng2 Re8 15. Bf4 Bxf4 16. Nxf4 Qc7 17. Ng2 Qb6 18. Ne3 Rad8 19. Qc2 Nf8 20. Rae1 Qa5 21. b4 Qg5 22. f4 Qh4 23. Kh2 Ne6 24. Ng2 Qh6 25. Qf2 Qf8 26. Re2 Qd6 27. Kg1 Nc7 28. Rxe8+ Rxe8 29. Re1 Rxe1+ 30. Qxe1 Qe6 31. Qxe6 fxe6 32. c4 b5 33. Ne3 bxc4 34. Nxc4 Nb5 35. Kf2 Nxd4 36. Na5 Kf7 37. a3 e5 38. fxe5 fxe5 39. Ke3 Ke6 40. Ke4 a6 41. g5 Nb5 42. Nxc6 Nd6+ 43. Kd3 e4+ 44. Kd4 Kf5 1/2-1/2

[Event "Hamburg-ch Seniors 21st"]
[Site "Hamburg"]
[Date "2014.11.04"]
[Round "7"]
[White "Emami, Madjid"]
[Black "Duemmke, Juergen"]
[Result "0-1"]
[WhiteElo "1951"]
[BlackElo "1888"]
[PlyCount "68"]
[EventDate "2014.10.29"]
[EventType "swiss"]
[EventRounds "9"]
[EventCountry "GER"]
[SourceTitle "EXT 2018"]
[Source "ChessBase"]
[SourceDate "2017.10.13"]
[SourceVersion "1"]
[SourceVersionDate "2017.10.13"]
[SourceQuality "1"]

1. Nf3 d5 2. g3 Nf6 3. Bg2 g6 4. 0-0 Bg7 5. d3 0-0 6. Nbd2 Nc6 7. e4 e5 8. exd5 Nxd5 9. Re1 Re8 10. a4 h6 11. Nc4 Bg4 12. h3 Bf5 13. Nfd2 Nd4 14. Ne4 Bxe4 15. Bxe4 Qd7 16. c3 Ne6 17. Bg2 Nc5 18. Qc2 Nb6 19. Nxb6 axb6 20. Be3 Qxd3 21. Qxd3 Nxd3 22. Re2 e4 23. f4 exf3 24. Bxf3 Nxb2 25. Bxb7 Rxa4 26. Rf1 Bxc3 27. Kg2 Nc4 28. Bc6 Rxe3 29. Ref2 Ra3 30. Rxf7 Bg7 31. Rxc7 Rxg3+ 32. Kf2 Bd4+ 33. Ke1 Ra1+ 34. Ke2 Re3+ 0-1

[Event "Schleswig Holstein-ch Seniors op"]
[Site "Buesum"]
[Date "2014.10.01"]
[Round "7"]
[White "Knaak, Joachim"]
[Black "Duemmke, Juergen"]
[Result "1/2-1/2"]
[WhiteElo "2133"]
[BlackElo "1920"]
[PlyCount "134"]
[EventDate "2014.09.25"]
[EventType "swiss"]
[EventRounds "9"]
[EventCountry "GER"]
[SourceTitle "EXT 2018"]
[Source "ChessBase"]
[SourceDate "2017.10.13"]
[SourceVersion "1"]
[SourceVersionDate "2017.10.13"]
[SourceQuality "1"]

1. d4 Nf6 2. c4 g6 3. Nc3 d5 4. cxd5 Nxd5 5. e4 Nxc3 6. bxc3 Bg7 7. Nf3 c5 8. Rb1 0-0 9. Be2 Nc6 10. d5 Ne5 11. Nxe5 Bxe5 12. Qd2 Qa5 13. Rb3 Qc7 14. f4 Bg7 15. 0-0 b6 16. c4 Bd4+ 17. Kh1 e6 18. Bb2 exd5 19. Bxd4 cxd4 20. cxd5 Bb7 21. Qxd4 Qd6 22. f5 Rac8 23. f6 Rfe8 24. Rh3 Rc2 25. Bd3 Rc5 26. Qe3 Qf8 27. Qg5 Rc3 28. Rd1 Rec8 29. Qh4 h6 30. Qf4 Kh7 31. Qd2 b5 32. Bxb5 Rxh3 33. gxh3 Qa3 34. Bf1 Qf3+ 35. Bg2 Qxf6 36. Rf1 Qe7 37. Qf2 Kg8 38. Qxa7 Ra8 39. Qf2 Ba6 40. Rc1 Qe5 41. Qd2 Kh7 42. Qc3 Qg5 43. Qc7 Ra7 44. Qc5 Ra8 45. Re1 Qd2 46. Qe3 Qxa2 47. e5 Bc4 48. d6 Bd5 49. Bxd5 Qxd5+ 50. Qe4 Qd2 51. Re2 Ra1+ 52. Kg2 Qd1 53. Kg3 Qg1+ 54. Rg2 Ra3+ 55. Kh4 Qd1 56. Rg4 Qf1 57. Rg3 Ra7 58. Rf3 Ra4 59. Rxf7+ Qxf7 60. Qxa4 Qf2+ 61. Kg4 Qf5+ 62. Kg3 Qxe5+ 63. Qf4 Qe1+ 64. Kf3 Qd1+ 65. Ke4 Qa4+ 66. Ke5 Qe8+ 67. Kd4 Qa4+ 1/2-1/2

[Event "Schleswig Holstein-ch Seniors op"]
[Site "Buesum"]
[Date "2014.09.26"]
[Round "2"]
[White "Duemmke, Juergen"]
[Black "Villing, Dieter"]
[Result "1-0"]
[WhiteElo "1920"]
[BlackElo "2169"]
[PlyCount "37"]
[EventDate "2014.09.25"]
[EventType "swiss"]
[EventRounds "9"]
[EventCountry "GER"]
[SourceTitle "EXT 2018"]
[Source "ChessBase"]
[SourceDate "2017.10.13"]
[SourceVersion "1"]
[SourceVersionDate "2017.10.13"]
[SourceQuality "1"]

1. e4 c5 2. Nf3 Nc6 3. Bb5 g6 4. 0-0 Bg7 5. c3 Nf6 6. Re1 0-0 7. d4 cxd4 8. cxd4 d5 9. e5 Ne4 10. Nc3 Bf5 11. Nh4 Qb6 12. Bxc6 bxc6 13. Na4 Qd8 14. Nxf5 gxf5 15. f3 f6 16. fxe4 fxe5 17. exd5 exd4 18. Nc5 Qxd5 19. Ne6 1-0

[Event "Schleswig Holstein-ch Seniors op"]
[Site "Buesum"]
[Date "2014.09.25"]
[Round "1"]
[White "Szenetra, Werner"]
[Black "Duemmke, Juergen"]
[Result "1/2-1/2"]
[WhiteElo "2219"]
[BlackElo "1920"]
[PlyCount "95"]
[EventDate "2014.09.25"]
[EventType "swiss"]
[EventRounds "9"]
[EventCountry "GER"]
[SourceTitle "EXT 2018"]
[Source "ChessBase"]
[SourceDate "2017.10.13"]
[SourceVersion "1"]
[SourceVersionDate "2017.10.13"]
[SourceQuality "1"]

1. Nf3 Nf6 2. d3 d5 3. g3 g6 4. Bg2 Bg7 5. 0-0 0-0 6. Nbd2 Nc6 7. e4 e5 8. Re1 Re8 9. c3 dxe4 10. dxe4 b6 11. Qa4 Bd7 12. Qc4 Na5 13. Qf1 c5 14. b4 cxb4 15. cxb4 Nc6 16. a3 a6 17. Bb2 Ra7 18. Nc4 Qb8 19. Rac1 b5 20. Ncd2 h6 21. Rb1 Be6 22. Rec1 Rc8 23. Bh3 Ng4 24. Rc5 Bf8 25. Bxg4 Bxg4 26. Rxc6 Rxc6 27. Nxe5 Qc8 28. Nxc6 Qxc6 29. Qc1 Rc7 30. Qxc6 Rxc6 31. Nf1 Bf3 32. Nd2 Be2 33. Re1 Rc2 34. Bc1 Bd3 35. Nf1 Bg7 36. Ne3 Ra2 37. Nd5 Ra1 38. e5 Bxe5 39. Rxe5 Rxc1+ 40. Kg2 Kg7 41. h4 Bf1+ 42. Kf3 Bc4 43. Nc7 Be2+ 44. Kxe2 Rxc7 45. Kd3 Kf6 46. f4 h5 47. a4 Rc4 48. axb5 1/2-1/2

[Event "Hamburg St Pauli op-A"]
[Site "Hamburg"]
[Date "2014.07.19"]
[Round "1"]
[White "Duemmke, Juergen"]
[Black "Simon, Ralf Axel"]
[Result "1/2-1/2"]
[WhiteElo "1999"]
[BlackElo "2239"]
[PlyCount "50"]
[EventDate "2014.07.19"]
[EventType "swiss"]
[EventRounds "9"]
[EventCountry "GER"]
[SourceTitle "CBM 161 Extra"]
[Source "ChessBase"]
[SourceDate "2014.08.29"]
[SourceVersion "1"]
[SourceVersionDate "2014.08.29"]
[SourceQuality "1"]

1. e4 c5 2. Nf3 e6 3. Nc3 a6 4. d4 cxd4 5. Nxd4 Qc7 6. g3 Bb4 7. Nde2 Be7 8. Bg2 d6 9. Be3 Nd7 10. 0-0 Ne5 11. a4 Nf6 12. h3 b6 13. b3 Bb7 14. f4 Ned7 15. g4 Nc5 16. Qd4 Rc8 17. g5 e5 18. fxe5 dxe5 19. Qc4 Ncxe4 20. gxf6 Qxc4 21. bxc4 Nxc3 22. Nxc3 Bxg2 23. Kxg2 Rxc4 24. fxe7 Rxc3 25. Bxb6 Rxc2+ 1/2-1/2

[Event "Hamburg Seniors-ch 20th"]
[Site "Hamburg"]
[Date "2013.11.06"]
[Round "8"]
[White "Gollasch, Theo Heinz"]
[Black "Duemmke, Juergen"]
[Result "0-1"]
[WhiteElo "2038"]
[BlackElo "1880"]
[PlyCount "94"]
[EventDate "2013.10.30"]
[EventType "swiss"]
[EventRounds "9"]
[EventCountry "GER"]
[SourceTitle "EXT 2015"]
[Source "ChessBase"]
[SourceDate "2014.11.20"]
[SourceVersion "1"]
[SourceVersionDate "2014.11.20"]
[SourceQuality "1"]

1. Nf3 d5 2. g3 Nf6 3. Bg2 g6 4. c4 dxc4 5. Na3 c3 6. bxc3 Bg7 7. 0-0 0-0 8. Qb3 Nbd7 9. d4 c6 10. Nc4 Nb6 11. Nfe5 Be6 12. d5 Nfxd5 13. Qa3 Nxc4 14. Nxc4 Nxc3 15. Nb2 Nxe2+ 16. Kh1 Nxc1 17. Raxc1 Qd6 18. Qxd6 exd6 19. Nc4 Rfd8 20. Rfd1 d5 21. Na5 Rab8 22. Rb1 Bf5 23. Rxb7 Rxb7 24. Nxb7 Rb8 25. Na5 Rb6 26. Rc1 Bc3 27. Nb3 d4 28. Bf3 Ra6 29. Kg2 Rxa2 30. Bxc6 Be6 31. Nc5 Bd2 32. Rd1 Bg4 33. Rb1 Be3 34. Ne4 Bf5 35. Rf1 Kg7 36. Kf3 Bd2 37. Bd5 Ra5 38. Bc6 Ra3+ 39. Kg2 Bb4 40. h3 h5 41. Rd1 d3 42. f3 Ra2+ 43. Kg1 d2 44. g4 hxg4 45. fxg4 Be6 46. Rb1 Rc2 47. Rd1 Rxc6 0-1

[Event "Hamburg Seniors-ch 20th"]
[Site "Hamburg"]
[Date "2013.11.05"]
[Round "7"]
[White "Duemmke, Juergen"]
[Black "Woelk, Siegfried"]
[Result "1-0"]
[WhiteElo "1880"]
[BlackElo "2030"]
[PlyCount "59"]
[EventDate "2013.10.30"]
[EventType "swiss"]
[EventRounds "9"]
[EventCountry "GER"]
[SourceTitle "EXT 2015"]
[Source "ChessBase"]
[SourceDate "2014.11.20"]
[SourceVersion "1"]
[SourceVersionDate "2014.11.20"]
[SourceQuality "1"]

1. e4 g6 2. d4 Bg7 3. Nf3 c6 4. c3 d5 5. Nbd2 Bg4 6. Qb3 Bc8 7. Bd3 dxe4 8. Nxe4 Nf6 9. Nxf6+ exf6 10. 0-0 0-0 11. Bf4 g5 12. Bg3 h5 13. h4 g4 14. Nd2 f5 15. Nc4 Qf6 16. f3 b5 17. Ne5 Qh6 18. fxg4 Bxe5 19. g5 Bxd4+ 20. cxd4 Qe6 21. Qd1 Qd5 22. Be5 Nd7 23. Qe2 Re8 24. Rae1 Nxe5 25. dxe5 Qd4+ 26. Qe3 Qxh4 27. Bxf5 Re7 28. g6 Bxf5 29. Rxf5 fxg6 30. Rf4 1-0

[Event "Hamburg Seniors op 19th"]
[Site "Hamburg"]
[Date "2012.10.27"]
[Round "4"]
[White "Raedisch, Peter"]
[Black "Duemmke, Juergen"]
[Result "0-1"]
[WhiteElo "1557"]
[BlackElo "1922"]
[PlyCount "62"]
[EventDate "2012.10.24"]
[EventType "swiss"]
[EventRounds "9"]
[EventCountry "GER"]
[SourceTitle "EXT 2015"]
[Source "ChessBase"]
[SourceDate "2014.11.20"]
[SourceVersion "1"]
[SourceVersionDate "2014.11.20"]
[SourceQuality "1"]

1. e4 e5 2. Nf3 Nc6 3. Bc4 Nf6 4. Ng5 d5 5. exd5 b5 6. Bxb5 Qxd5 7. Bxc6+ Qxc6 8. 0-0 Bb7 9. Qf3 Qa6 10. Qc3 Bd6 11. d3 0-0 12. Be3 h6 13. Nh3 Nd5 14. Qd2 Qc6 15. Na3 Nf4 16. f3 Nxh3+ 17. gxh3 f5 18. Qe2 f4 19. Bd2 Rf5 20. Kh1 Rh5 21. Rg1 Qxf3+ 22. Qxf3 Bxf3+ 23. Rg2 Rg5 24. Rag1 Bc5 25. h4 Rg6 26. Nc4 Re8 27. Bc3 Bxg1 28. Kxg1 Rxg2+ 29. Kf1 Rxc2 30. Nxe5 Be2+ 31. Kg1 Rxc3 0-1

[Event "Hamburg St Pauli op"]
[Site "Hamburg"]
[Date "2012.07.12"]
[Round "6"]
[White "Putzbach, Gerd"]
[Black "Duemmke, Juergen"]
[Result "1/2-1/2"]
[WhiteElo "2228"]
[BlackElo "2078"]
[PlyCount "92"]
[EventDate "2012.07.07"]
[EventType "swiss"]
[EventRounds "9"]
[EventCountry "GER"]
[SourceTitle "EXT 2013"]
[Source "ChessBase"]
[SourceDate "2012.11.22"]
[SourceVersion "1"]
[SourceVersionDate "2012.11.22"]
[SourceQuality "1"]

1. e4 d5 2. exd5 Nf6 3. Bb5+ Bd7 4. Bc4 b5 5. Bb3 Bg4 6. f3 Bc8 7. a4 b4 8. c4 c6 9. d4 cxd5 10. c5 a5 11. Be3 Nc6 12. Ne2 Ba6 13. f4 Qd7 14. h3 Qe6 15. Kf2 Ne4+ 16. Kf3 h5 17. Nd2 g5 18. fxg5 Qf5+ 19. Nf4 Nxg5+ 20. Kg3 Nxd4 21. h4 Nxb3 22. Qxb3 Ne4+ 23. Nxe4 Qxe4 24. Rhe1 Bc4 25. Qd1 Rg8+ 26. Kh2 Bh6 27. Qf3 Qxf3 28. gxf3 Bxf4+ 29. Bxf4 e6 30. Re5 Rc8 31. Be3 Be2 32. f4 Kd7 33. Rg5 f6 34. Rxg8 Rxg8 35. Bd4 f5 36. c6+ Kxc6 37. Re1 Bf3 38. Rxe6+ Kd7 39. Ra6 Rg4 40. Be5 Rg2+ 41. Kh3 Rd2 42. Rxa5 d4 43. Rb5 Rxb2 44. Bxd4 Bg4+ 45. Kg3 Rb3+ 46. Kg2 Kc6 1/2-1/2